000 01164naa a22002897a 4500
001 BR8301202
003 BR-BrBNA
005 20250721143223.0
007 ta
008 250630b bl.|||m| |||| 00| 0 por d
040 _aBR-BrBNA
_bpor
_cBiblioteca Nacional de Agricultura
041 _a(Pt)
072 _aK50
_b8905
090 _aK50 BR8301202
100 1 _aSilveira, G.C.V. de M.
111 1 _aProducao e Utilizacao de Carvao Vegetal
_cBelo Horizonte, MG (Brazil)
_d18 Oct 1982
245 1 _aAspectos economicos da producao de carvao vegetal
246 1 _a[Economic aspects of coal production]
246 1 _a[Production and utilization of charcoal]
500 _aProducao e utilizacao de carvao vegetal Belo Horizonte, MG (Brasil): 1982. p. 113-124 [12 illus.] (BR8301202-AMS)
773 0 _tProducao e utilizacao de carvao vegetal
_wK50 BR8301202
_gBelo Horizonte, MG (Brasil), 1982. p. 113-124
650 _aCARVAO VEGETAL
650 _aINDUSTRIA FLORESTAL
490 _aSerie de Publicacoes Tecnicas - Fundacao Centro Tecnologico de Minas Gerais (Brazil)
_vno. 8
_xISSN 0100-9540
942 _cAMS
_2AGRIS
909 _a202506
_bLúcia
_c55
_dLúcia Elande
999 _c334464
_d334464